00494nam a2200193 a 4500001001300000003000900013005001700022008004100039020001000080082001600090100001900106245004500125260003400170300000900204500003500213505001000248650002300258700001900281nice12345678IN_TiNIC20260116013530.0050524s1999 cama grp 000 0 eng  ac59500a181.07bLEA aLeaman, Oliver aBrief Introduction to Islamic Philosophy aCambridgebPolity Pressc1999 a199p aincludes index and biblioraphy2 aIndex aPhilosophy-Islamic1 aLeaman, Oliver